| 000 | 01154nas a2200373 4500 | ||
|---|---|---|---|
| 001 | BR0400468 | ||
| 003 | BR-BrBNA | ||
| 005 | 20231205104311.0 | ||
| 007 | ta | ||
| 008 | 230509b bl.|||p| |||| 00| 00por d | ||
| 040 |
_aBR-BrBNA _bpor _cBiblioteca Nacional de Agricultura |
||
| 041 | _a(Pt) | ||
| 072 | _aH60; H50 | ||
| 100 | 1 | _aPereira, F. de A.R. | |
| 100 | 1 | _aOliveira, M.D.X. de | |
| 100 | 1 | _aBazoni, R. | |
| 100 | 1 | _aBusato, C.A.C. | |
| 100 | 1 | _aGoes, L.C. | |
| 100 | 1 | _aRocha, A.G.D. da | |
| 245 | 1 | _aEstudo da seletividade de herbicidas em cultivares de milho (Zea mays L.), nas condições ambientais de Mato Grosso do Sul | |
| 650 | _aMILHO | ||
| 650 | _aHERBICIDA | ||
| 650 | _aERVA DANINHA | ||
| 650 | _aCONDIÇÃO AMBIENTAL | ||
| 650 | _aESTATÍSTICA | ||
| 650 | _aSELEÇÃO | ||
| 650 | _aRENDIMENTO | ||
| 650 | _aALTURA | ||
| 650 | _aFITOTOXICIDADE | ||
| 650 | _aMATO GROSSO DO SUL | ||
| 773 | 0 |
_tEnsaios e Ciências. Série Ciências Biológicas, Agrárias e da Saúde (Brazil) _xISSN 1415-6938 _g(Aug 2001), v. 5(2) p. 119-140 _wBR0400468 |
|
| 909 |
_a202311 _bLúcia _c55 _dLúcia Elande |
||
| 942 |
_2AGRIS _n0 _cANA |
||
| 999 |
_c177431 _d177431 |
||